000
00210nam a2200097Ia 4500
005
20251222120855.0
008
251222s1900||||xx |||||||||||||| ||spa||
082
_a
DVD0040/S82
245
0
_a
Alexander:
942
_c
DVD
999
_c
2377
_d
2377